Hubungan kaunseling dengan Mahkamah Wilayah Persekutuan Kuala Lumpur mengikut pelaksanaan Akta 303 Undang-Undang Keluarga Islam (Wilayah Persekutuan) 1984 /
Saved in:
| 主要作者: | |
|---|---|
| 格式: | 未知 |
| 語言: | English |
| 出版: |
Petaling Jaya :
Universiti Islam Antarabangsa Malaysia,
1991
|
| 主題: | |
| 標簽: |
添加標簽
沒有標簽, 成為第一個標記此記錄!
|
| LEADER | 010840000a22002650004500 | ||
|---|---|---|---|
| 001 | 60843 | ||
| 005 | 20090121120900.0 | ||
| 008 | 930114s1991 eng | ||
| 035 | |a 231576 | ||
| 035 | |a (Sirsi) 60843 | ||
| 040 | |a UIAM |b eng | ||
| 049 | |b m | ||
| 050 | 4 | |a BP158.5.K2 | |
| 100 | 0 | |a Muhammad Tawadz'o Abbas | |
| 245 | 1 | 0 | |a Hubungan kaunseling dengan Mahkamah Wilayah Persekutuan Kuala Lumpur mengikut pelaksanaan Akta 303 Undang-Undang Keluarga Islam (Wilayah Persekutuan) 1984 / |c oleh Mohamad Tawadz'o bin Abbas |
| 260 | 1 | |a Petaling Jaya : |b Universiti Islam Antarabangsa Malaysia, |c 1991 | |
| 300 | |a 87 p. | ||
| 500 | |a (D.A.I.J.)--Universiti Islam Antarabangsa Malaysia, 1991. | ||
| 596 | |a 1 | ||
| 650 | 0 | |a Family councelors |z Malaysia | |
| 650 | 0 | |a Husband and wife (Islamic law) | |
| 651 | 0 | |a Domestic relations (Islamic law) |z Malaysia Wilayah Persekutuan | |
| 900 | |a non-zmy-bal170993 | ||
| 999 | |c 429937 |d 461428 | ||
| 952 | |0 0 |6 T BP 000158.5 K2M697H 1991 |7 0 |8 THESES |9 748869 |a IIUM |b IIUM |c MULTIMEDIA |g 0.00 |o t BP158.5K2M697H 1991 |p 00000061692 |r 2017-10-17 |t 1 |v 0.00 |y THESIS | ||
